Gaming Quiz

Random Gaming or Board Games Quiz

10 to 1: Classic Board Games Quiz Stats

Quiz Updated Nov 22, 2017

Challenge
Share
Tweet
Embed
Score 0/55 Timer 06:00
24 Plays Today
% Correct
Ballroom
92.6%
Billiard Room
92.4%
Go to Jail
92.2%
Library
91.9%
Kitchen
91.8%
Lounge
90.5%
Free Parking
89.9%
Conservatory
89.7%
Funny Bone
89.6%
Broken Heart
88.9%
Community Chest
88.7%
Hall
87.7%
Spare Ribs
87.3%
Study
86.8%
Go
85.7%
Brain Freeze
85.6%
Cellar
85%
Income Tax
83.9%
Chance
83.7%
Just Visiting
82.2%
Luxury Tax
81.1%
Writer's Cramp
77.8%
Charley Horse
77.2%
Captain
75.7%
Sergeant
75%
General
72.5%
Scout
72.2%
Lieutenant
70.8%
% Correct
Car
70.7%
Spy
69%
Bomb
68.1%
Bread Basket
67.6%
Marshall
64.7%
Artillery
62.1%
Spinner
61.7%
Flag
60.7%
Draw Pile
60.3%
Blue Pegs
59.9%
Cavalry
59.3%
Discard
58.7%
Infantry
57.1%
Miner
56.2%
Data Head
55.5%
Safety Zone
53.2%
Sweepstakes
52%
Insurance Policy
51.2%
Slide
50.8%
Charity Walk
50.8%
Bank Loan
49.5%
Yard Sale
47.4%
Star Performer
46.3%
Washtub
46.2%
Happy Birthday
43.9%
Deal
31.1%
Mail
25.7%

You're not logged in!

Compare scores with friends on all Sporcle quizzes.
Join for Free
OR
Log In

You Might Also Like...

Show Comments

Extras

Top Quizzes Today


Score Distribution

Your Account Isn't Verified!

In order to create a playlist on Sporcle, you need to verify the email address you used during registration. Go to your Sporcle Settings to finish the process.

Report this User

Report this user for behavior that violates our Community Guidelines.

Details: